000 00491nam a2200193Ia 4500
003 LK-CoDNM
005 20240829092750.0
008 010623t1937 xxu||||| |||| 00| 1 sin d
040 _aLK-CoDNM
_dLK-CoDNM
_eLK-CoDNM
041 _asin
080 _a8a
_bK3.2
245 _aපන්සිය පනස් ජාතක පොත
246 _aPansiya Panas Jaathaka Potha
260 _c1937
300 _b191p. : 25 cm
490 _vVol. IV
650 _aJathaka Stories
942 _cBK
999 _c98606
_d98606